000 00875cam a22002531 4500
001 gs 64000359
003 DLC
005 20260227111415.0
008 760616s1964 xx 000 0 eng
010 _ags 64000359
035 _a(OCoLC)2231303
040 _aDLC
_cMeU-P
_dDLC
042 _apremarc
050 0 0 _aQE171
_b.A3
100 1 _aKonig, Ronald H.
245 1 4 _aThe geology of the Hardwick area, Vermont,
_cby Ronald H. Konig and John G. Dennis.
260 _aMontpelier,
_bVermont Development Dept.,
_c1964.
300 _a57 p.
_billus., maps (2 fold. col. in pocket) diagrs.
_c23 cm.
490 1 _aVermont. Geological Survey. Bulletin
_vno. 24
504 _aBibliography: p. 55-57.
650 0 _aGeology
_zVermont
_zHardwick Region.
700 1 _aDennis, John G.
_q(John Gordon),
_d1920-
_ejt. auth.
810 1 _aVermont.
_bState Geologist.
_tBulletin ;
_vno. 24.
999 _c29918
_d29918